01226cam a22003013a 450000100040000000500170000402000170002104000760003805000170011408200080013110000260013924500480016525000450021326000390025830000400029749000370033749000200037450000260039450000280042050500080044852002980045652100200075452100200077465000350079465000420082965000220087165500310089399320231124110353.0 a078073003501 aSJPcSJPdSLCdVYLdOCLdXY4dBTCTAdNZHSDdYDXCPdOCLCGdGRRdDLCbeng00aPZ7.M3467585 a8131 aMartin, Ann M.d1955-10aJessi and the awful secret /cAnn M. Martin aFirst Scholastic printing, February 1993 aNew York :bScholastic Inc.,c1993 a147 pages :c20 cmbillustrations ;1 aThe Baby-sitters Club ;vBook 610 aApple paperback a"An Apple paperback." a"RL4"--P. [4] of cover. aR  aOnly Jessi knows what's really wrong with one of the girls in her dance class. Jessi volunteers to help out in a ballet class for children. While helping, Jessi discovers a secret about Mary, one that could hurt her. Jessi has to decide if she should tell someone and risk losing a friendship. a690 bLexile  aR bRaz-Plus  0aBabysittersvJuvenile fiction. 1aBabysitters and babysittingvFiction. 1aFriendsvFiction. 7aYoung adult fiction.2lcsh